000 00925nam a22002651a 4500
999 _c2480
_d2480
008 200319s2012 ii ad||g m|||a00| 0 eng d
040 _aKO
_beng
041 0 _aeng
044 _aii
082 0 4 _223
_a378.242
_bIRM1103
100 1 _aRaghavan, Anoob K.
_eResearcher
245 3 0 _aA Study on Logistics Services From Caravel Logistics Pvt Ltd /
_cAnoob K. Raghavan; Guide Dr. Asha Pillai
260 _aKochi :
_bIndian Maritime University,
_c2012
300 _a23p. :
_bill., charts ;
_c29 cm.
490 0 _aMBA Internship 2011-13 ;
_v11005051003
502 _aInternship (MBA)–Indian Maritime University. School of Maritime Management, 2012.
610 _aCaravel Logistics Pvt Ltd.
650 0 _xContainer terminals
650 0 _aIndustrial organization
_xCase studies
655 7 _2lcsh
_aDissertations, Academic
_y2012
700 1 _aPillai, Asha.
_cDr.
_eGuide
904 _aA_BOSE
942 _cTH